00519nam a2200181Ia 450000500170000000800410001702000180005808200140007610000160009024500260010626000530013230000160018565000090020165000110021094200060022195200950022799900150032220241118015530.0240331s9999 xx 000 0 und d a9789555271103 bPIYa823  aPiyaratna,V 0aGo slowly lovely moon aColombobSamayawardhana Printers (Pvt) Ltdc2010 aIX, 90 P ., aLove aFamily cL 001040708LaWERCLbWERCLcSSCd2024-03-31l0o 823 PIYp6630r2024-03-31w2024-03-31yL c5650d5650